Návody na cvičenia z organizácie poľnohospodárskej výroby určené pre smer PE

Bibliographic Details
Main Authors: Paška, Ľubomír, 1948- (Author), Mižičková, Ľudmila, 1944- (Author)
Format: Book
Language:Slovak
PhysicalDescription:118 s. tab., sch. 29 cm
Published: Nitra S.l. VŠP ,t. [vyd.] 1983
Edition:1. vyd.
Series:Vysokoškolské učebné texty
Subjects:

MARC

LEADER 00000cam a2200000 a 4500
001 vtls001093006
003 SK-MaSNL
005 20260302020211.0
008 240517s1983 xo a grnp 00000 slo
015 |a SNBA1983/12 
035 |a SNK000035848 
040 |a SNK  |b slo  |c SNK  |e AACR2 
041 0 |a slo 
044 |a xo  |c SK 
080 |a 631.1(075.8)(076.5)  |2 1981 
100 1 |a Paška, Ľubomír,  |d 1948-  |4 aut  |9 100874 
245 1 0 |a Návody na cvičenia z organizácie poľnohospodárskej výroby  |b určené pre smer PE  |c Ľubomír Paška, Ľudmila Mižíčková 
250 |a 1. vyd. 
260 |a Nitra  |b VŠP  |a S.l.  |b ,t. [vyd.]  |c 1983  |e Nitra  |f Edičné stredisko VŠP 
300 |a 118 s.  |b tab., sch.  |c 29 cm 
366 |e 400 výtl. 
490 1 |a Vysokoškolské učebné texty 
504 |a Obsahuje bibliografiu 
650 0 7 |a poľnohospodárska výroba  |2 SNKPH  |9 973 
650 0 7 |a organizácia a riadenie  |2 SNKPH  |9 3863 
655 7 |a učebnice vysokých škôl  |2 SNKPH  |9 70191 
700 1 |a Mižičková, Ľudmila,  |d 1944-  |4 aut  |9 104452 
830 0 |a Vysokoškolské učebné texty  |9 276539 
852 |a Slovenská národná knižnica 
954 |a odborná, vedecká literatúra pôvodná (slovenská)  |2 lita 
958 |a OND 
958 |a NB 
958 |a RM 
958 |a UV 
999 |c 1024191  |d 1026121 
952 |a SNK  |b SNK  |y PREZ  |7 0  |p 17A0778903  |o snkSB 36780  |0 0  |1 0  |4 0  |d 2012-04-02  |f 1  |l 0  |r 2025-04-15 00:00:00  |w 2026-02-24 
952 |t P60, <04>, [BOOK], {604}  |a SNK  |b SNK  |y VYP  |7 0  |p 17A0209253  |o snkSB 36780 D1  |0 0  |1 0  |4 0  |d 1999-09-07  |l 0  |r 2004-12-31 00:00:00  |w 2026-02-24